000 00655nam a2200181 i 4500
001 80223
003 ES-MaACL
007 t|
008 041027s1965 sp ||||1| spa d
245 0 0 _aHistoria de la economía por los grandes maestros /
_cselección de capítulos, artículos, relatos y documentos Gabriel Franco.
260 _a[Madrid] :
_bAguilar,
_c1965.
300 _aXXXIX, 654 p. ;
_c22 cm.
490 1 _aBiblioteca de ciencias sociales. Economía
700 1 _aFranco, Gabriel.
_952223
830 0 0 _aBiblioteca de ciencias sociales (Aguilar).
_pEconomía
_9181705
852 _aES-MaACL
_jE-667
_bR.56607
999 _c80223
_d80223